| 000 | 01292nam a22003134a 4500 | ||
|---|---|---|---|
| 001 | ebr10188801 | ||
| 003 | CaPaEBR | ||
| 006 | m u | ||
| 007 | cr cn||||||||| | ||
| 008 | 080227s2007 cc a s 000 0 eng | ||
| 010 | _z 2008271549 | ||
| 020 | _z9789812707895 (pbk.) | ||
| 020 | _z9812707891 (pbk.) | ||
| 040 |
_aCaPaEBR _cCaPaEBR |
||
| 035 | _a(OCoLC)182872189 | ||
| 050 | 1 | 4 |
_aQA43 _b.M3145 2007eb |
| 245 | 0 | 0 |
_aMathematical Olympiad in China _h[electronic resource] : _bproblems and solutions / _ceditors, Xiong Bin, Lee Peng Yee. |
| 260 |
_aShanghai : _bEast China Normal University Press ; _aHackensack, NJ : _bWorld Scientific, _cc2007. |
||
| 300 |
_axxii, 251 p. : _bill. |
||
| 533 |
_aElectronic reproduction. _bPalo Alto, Calif. : _cebrary, _d2013. _nAvailable via World Wide Web. _nAccess may be limited to ebrary affiliated libraries. |
||
| 611 | 2 | 0 | _aInternational Mathematical Olympiad. |
| 650 | 0 |
_aMathematics _vProblems, exercises, etc. |
|
| 650 | 0 |
_aMathematics _xCompetitions. |
|
| 655 | 7 |
_aElectronic books. _2local |
|
| 700 | 1 | _aXiong, Bin. | |
| 700 | 1 |
_aLee, P. Y. _q(Peng Yee), _d1938- |
|
| 710 | 2 | _aebrary, Inc. | |
| 856 | 4 | 0 |
_uhttp://site.ebrary.com/lib/rucke/Doc?id=10188801 _zAn electronic book accessible through the World Wide Web; click to view |
| 999 |
_c146478 _d146478 |
||